000 00656 a2200229 4500
003 CBULib
005 20231113091538.0
008 231027b |||||||| |||| 00| 0 eng d
020 _a9780199272679
040 _bEnglish
_cCBULib
_erda
050 _aBD 581 Mil
100 _aMiller, A. V.
245 _aHegel's philosophy of nature
_c/ by A.V. Miller
260 _bOxford University Press,
_c2004
_aNew York :
300 _bxxv, 450pages
336 _2rdacontent
_aText |
_btxt
337 _2rdamedia
_aUnmediated |
_bn
338 _2rdacarrier
_aVolume
_bnc
650 0 _9293
_aPHILOSOPHY OF NATURE
700 _9951
_aFindlay, J.N
942 _2lcc
_c002
999 _c83019
_d83019